The Regional Security Puzzle around Afghanistan (Record no. 32536)

MARC details
000 -LEADER
fixed length control field 00713nam a2200121Ia 4500
008 - FIXED-LENGTH DATA ELEMENTS--GENERAL INFORMATION
fixed length control field 220620s9999||||xx |||||||||||||| ||und||
245 #4 - TITLE STATEMENT
Title The Regional Security Puzzle around Afghanistan
Remainder of title Bordering Practices in Central Asia and Beyond
546 ## - LANGUAGE NOTE
Language note English[eng]
650 ## - SUBJECT ADDED ENTRY--TOPICAL TERM
Topical term or geographic name entry element Central Asia||borders||international security||Afghanistan||Kazakhstan||Pakistan||Russia||Tajikistan||Turkmenistan||United States||Uzbekistan
700 ## - ADDED ENTRY--PERSONAL NAME
Personal name Rytövuori-Apunen, Helena
856 ## - ELECTRONIC LOCATION AND ACCESS
Uniform Resource Identifier <a href="https://library.oapen.org/bitstream/20.500.12657/29436/1/9783847409120.pdf||https://library.oapen.org/bitstream/20.500.12657/29436/1/9783847409120.pdf||https://library.oapen.org/bitstream/20.500.12657/29436/1/9783847409120.pdf">https://library.oapen.org/bitstream/20.500.12657/29436/1/9783847409120.pdf||https://library.oapen.org/bitstream/20.500.12657/29436/1/9783847409120.pdf||https://library.oapen.org/bitstream/20.500.12657/29436/1/9783847409120.pdf</a>
942 ## - ADDED ENTRY ELEMENTS (KOHA)
Koha item type E-Books
Holdings
Withdrawn status Lost status Damaged status Not for loan Home library Current library Date acquired Total Checkouts Date last seen Price effective from Koha item type
        Kerala University of Digital Sciences, Innovation and Technology Knowledge Centre Kerala University of Digital Sciences, Innovation and Technology Knowledge Centre 20/06/2022   20/06/2022 20/06/2022 E-Books